Statistics for Catholicism True or False?

Click here to take the quiz!

General Stats

  • This quiz has been taken 294 times
  • The average score is 11 of 15

Answer Stats

QuestionAnswer% Correct
Catholics believe that Jesus is actually present in the Eucharist.True
95%
It is almost always considered a mortal sin to drink alcohol.False
92%
Peter, apostle of Jesus, is the first Pope.True
91%
The Feast of the Nativity (a.k.a. Christmas) is always celebrated on a Sunday.False
90%
The Catholic Church can only canonize someone as a saint after the individual has died.True
84%
There are over 20 Catholic Churches in full communion with Rome (and thus the Pope).True
81%
Pope Francis has declared that women can now be ordained deacons.False
73%
The Vatican City is the only country with no crime.False
71%
Catholics worship Mary.False
69%
Canon law states that all Catholic churches must be build with its altar facing east.False
66%
The term "Catholic" was first used to describe the Church shortly after the Protestant Reformation.False
65%
It's possible to receive all seven of the Sacraments.True
65%
It's a sin to be gay.False
61%
The Pope's teaching and actions are infallibleFalse
53%
Since the Second Vatican Council, the Catholic Church no longer publicly celebrates Mass in Latin.False
53%

Score Distribution

Percentile by Number Answered

Percent of People with Each Score

Your Score History

You have not taken this quiz